[Event "Let's Play Chess!"]
[Site "http://www.queenalice.com/game.php?id=1578722"]
[Date "2019.7.28"]
[Round "-"]
[White "fabos12"]
[Black "igorjava"]
[Result "0-1"]
[WhiteElo "1069"]
[BlackElo "2043"]

1. d4 d5 2. Nf3 Nf6 3. Bf4 Nc6 4. c3 Bg4 5. Nbd2 e6 6. h3 Bh5 7. g4 Bg6 8. Bg2
h6 9. Ne5 Bh7 10. Ndf3 Bd6 11. Rc1 Be4 12. Rg1 Bxe5 13. Nxe5 Bxg2 14. Rxg2 Nd7
15. Nxc6 bxc6 16. Qa4 Nb8 17. Qa5 Kd7 18. c4 g5 19. Bg3 Kc8 20. cxd5 exd5 21. f4
f6 0-1

[Event "AUTO-OPEN-4081"]
[Site "http://www.queenalice.com/game.php?id=1578827"]
[Date "2019.7.29"]
[Round "1"]
[White "maurice91"]
[Black "fabos12"]
[Result "1-0"]
[WhiteElo "1782"]
[BlackElo "1100"]

1. d4 e6 2. Bf4 Nc6 3. Nf3 Be7 4. e4 g5 5. Bg3 h5 6. h3 b6 7. c3 Bb7 8. Bd3 h4
9. Bh2 Nh6 10. Nbd2 Rg8 11. Ne5 d6 12. Ng4 Nxg4 13. Qxg4 1-0

[Event "AUTO-OPEN-4081"]
[Site "http://www.queenalice.com/game.php?id=1578828"]
[Date "2019.7.29"]
[Round "1"]
[White "fabos12"]
[Black "maurice91"]
[Result "0-1"]
[WhiteElo "1100"]
[BlackElo "1751"]

1. d4 c6 2. e4 d6 3. Be3 Nd7 4. c4 g6 5. a3 Bg7 6. b4 e5 7. d5 Qc7 8. Nd2 Ne7 9.
g3 b6 10. h4 Bb7 11. h5 f5 12. h6 Bf6 13. exf5 Nxf5 14. Ne4 Nxe3 15. fxe3 O-O-O
16. Qg4 Kb8 17. Qe6 Rhf8 18. Nxd6 cxd5 19. Nb5 Qc6 20. cxd5 Qxd5 21. Qh3 Qxh1
22. Qe6 Qd5 0-1

[Event "AUTO-OPEN-4081"]
[Site "http://www.queenalice.com/game.php?id=1578853"]
[Date "2019.7.29"]
[Round "1"]
[White "fabos12"]
[Black "chessman"]
[Result "1-0"]
[WhiteElo "1100"]
[BlackElo "1942"]

1. d4 d5 2. Nf3 Nf6 3. g3 e6 4. c3 Be7 5. Bg2 O-O 6. O-O c5 7. Re1 Nc6 8. a3
cxd4 9. Nxd4 Nxd4 10. cxd4 a6 11. Nc3 Bd7 12. e4 dxe4 13. Nxe4 Bc6 14. b3 Nxe4
15. Bxe4 Bxe4 16. Rxe4 Bf6 17. Bb2 Qd5 18. Qd3 Rad8 19. Rd1 b5 20. Rf4 e5 21.
Rf5 exd4 22. Rxd5 1-0

[Event "AUTO-OPEN-4081"]
[Site "http://www.queenalice.com/game.php?id=1578854"]
[Date "2019.7.29"]
[Round "1"]
[White "chessman"]
[Black "fabos12"]
[Result "0-1"]
[WhiteElo "1992"]
[BlackElo "1100"]

1. e4 e6 2. d4 Nc6 3. Nf3 b6 4. Bd3 Bb7 5. O-O Nb4 6. c3 Nxd3 7. Qxd3 c5 8. Be3
Rc8 9. Re1 c4 10. Qc2 h6 11. d5 Nf6 12. Nbd2 Ng4 13. Rad1 Nxe3 14. Rxe3 Bc5 15.
Ree1 a5 16. Nf1 O-O 17. Nd4 exd5 18. exd5 Bxd5 19. Ne3 Bb7 20. Nxc4 d5 21. Ne3
Re8 22. a3 Re4 23. Qd3 Bxd4 24. cxd4 Qe7 25. f3 Re6 26. Qd2 Qg5 27. Ng4 Qxd2 28.
Rxd2 Rxe1+ 0-1

[Event "AUTO-OPEN-4081"]
[Site "http://www.queenalice.com/game.php?id=1578855"]
[Date "2019.7.29"]
[Round "1"]
[White "fabos12"]
[Black "jupar"]
[Result "0-1"]
[WhiteElo "1069"]
[BlackElo "2094"]

1. d4 d5 2. Nf3 Nf6 3. h3 Bf5 4. g4 Be4 5. Nbd2 Nc6 6. Rg1 g6 7. c3 Bg7 8. g5
Nh5 9. Rg4 Bf5 10. Rg1 e5 11. dxe5 Nxe5 12. Nxe5 Bxe5 13. Nf3 Bg7 14. Nd4 Qd7
15. Nxf5 Qxf5 16. e3 O-O 17. f4 Rfe8 18. Kf2 c6 19. h4 Rad8 20. Bd3 Qh3 21. Qf3
Qxf3+ 0-1

[Event "AUTO-OPEN-4081"]
[Site "http://www.queenalice.com/game.php?id=1578856"]
[Date "2019.7.29"]
[Round "1"]
[White "jupar"]
[Black "fabos12"]
[Result "1-0"]
[WhiteElo "2092"]
[BlackElo "1069"]

1. e4 e6 2. d4 Nc6 3. d5 exd5 4. exd5 Nb8 5. Nf3 Bc5 6. Be2 d6 7. O-O Nf6 8. Bg5
O-O 9. Nbd2 a5 10. c3 h6 11. Bxf6 Qxf6 12. h3 Qg6 13. Kh2 Bd7 14. Nb3 Bb6 15.
Nbd4 Na6 16. Bd3 Qh5 17. Ne2 g5 18. Ng3 Qg6 19. Bxg6 fxg6 20. Nd4 Rae8 21. Qd3
Kg7 22. f3 Rf4 23. Rae1 Nc5 24. Qd2 c6 25. Rxe8 Bxe8 26. dxc6 bxc6 27. b4 axb4
28. Ne4 1-0

[Event "AUTO-OPEN-4082"]
[Site "http://www.queenalice.com/game.php?id=1579163"]
[Date "2019.8.2"]
[Round "1"]
[White "mvson33"]
[Black "fabos12"]
[Result "0-1"]
[WhiteElo "1854"]
[BlackElo "1100"]

1. e4 e5 2. Nf3 Nc6 3. Bc4 h6 4. Nc3 Bc5 5. O-O a6 6. Nxe5 Nxe5 7. d4 Nxc4 8.
dxc5 Qe7 9. Nd5 Qxc5 10. Bf4 d6 11. b4 Qc6 12. Qd4 f6 0-1

[Event "AUTO-OPEN-4082"]
[Site "http://www.queenalice.com/game.php?id=1579185"]
[Date "2019.8.2"]
[Round "1"]
[White "SamuraiJOM"]
[Black "fabos12"]
[Result "1-0"]
[WhiteElo "1567"]
[BlackElo "1100"]

1. e4 e5 2. Nf3 Nc6 3. Bc4 h6 4. O-O b6 5. a3 Bb7 6. Nc3 Nf6 7. d3 Be7 8. h3 Rc8
9. Ne2 d5 10. exd5 Nxd5 11. Ng3 g6 12. Re1 1-0

[Event "AUTO-OPEN-4082"]
[Site "http://www.queenalice.com/game.php?id=1579186"]
[Date "2019.8.2"]
[Round "1"]
[White "fabos12"]
[Black "SamuraiJOM"]
[Result "0-1"]
[WhiteElo "1100"]
[BlackElo "1569"]

1. d4 d5 2. Nf3 Nf6 3. c3 Nc6 4. Bf4 h6 5. Nbd2 Bf5 6. h3 e6 7. e3 a6 8. Be2 Be7
9. Ne5 O-O 10. Ndf3 Ne4 11. g4 Bh7 12. Nxc6 bxc6 0-1

[Event "AUTO-OPEN-4082"]
[Site "http://www.queenalice.com/game.php?id=1579197"]
[Date "2019.8.2"]
[Round "1"]
[White "junipero"]
[Black "fabos12"]
[Result "1-0"]
[WhiteElo "1945"]
[BlackElo "1100"]

1. d4 d5 2. c4 Nf6 3. e3 b6 4. Nc3 g6 5. Nf3 Bg7 6. cxd5 Nxd5 7. Bc4 c6 8. O-O
Bg4 9. Be2 O-O 10. h3 Bc8 11. a3 Re8 12. Nxd5 Qxd5 13. Bc4 Qh5 14. Be2 Bxh3 15.
gxh3 Qxh3 16. Nh2 1-0

[Event "AUTO-OPEN-4082"]
[Site "http://www.queenalice.com/game.php?id=1579198"]
[Date "2019.8.2"]
[Round "1"]
[White "fabos12"]
[Black "junipero"]
[Result "0-1"]
[WhiteElo "1100"]
[BlackElo "1947"]

1. d4 d5 2. Nf3 e6 3. g3 Nf6 4. Bg2 c6 5. c3 Be7 6. a4 O-O 7. Nbd2 Nbd7 8. b4 b6
9. O-O Bb7 10. Re1 h6 11. e4 dxe4 12. Nxe4 Nxe4 13. Rxe4 c5 14. Rg4 Nf6 15. Rf4
Nd5 16. Ne5 cxd4 0-1